Two Degrees of Separation - 'A' Countries - Minefield Quiz Stats

Quiz not verified by Sporcle

Also try: 'S' States Blitz
Challenge
Share
Tweet
Embed
Score 0/62 Timer 10:00
0 Plays Today
- Answer % Correct
44???
62.3%
3???
52.2%
42???
49.7%
14???
47.8%
53???
47.4%
23???
46.9%
59???
46.7%
31???
45.3%
43???
42.9%
50???
42.3%
38???
41.9%
24???
41.5%
17???
40.6%
47???
40.6%
58???
40.6%
8???
38.9%
26???
38.9%
57???
38.7%
25???
38.7%
33???
38.3%
16???
38.3%
18???
38.3%
40???
37.9%
49???
37.3%
20???
36.2%
34???
36.2%
2???
35.8%
5???
35.8%
19???
35.6%
29???
35.4%
27???
35.2%
- Answer % Correct
30???
34.9%
41???
34.9%
37???
34.9%
60???
34.1%
61???
33.9%
36???
33.7%
28???
33.7%
48???
33.7%
45???
33.5%
6???
33.3%
39???
33.3%
9???
32.6%
13???
32.6%
55???
32.6%
7???
32.4%
12???
32.2%
54???
31.8%
10???
31.8%
46???
31.6%
22???
31.4%
52???
30.7%
56???
30.7%
21???
30.3%
15???
29.9%
11???
29.3%
51???
29.1%
32???
28.8%
35???
28.4%
MINES???
27.3%
4???
26.1%
1???
21.5%

You're not logged in!

Compare scores with friends on all Sporcle quizzes.
Sign Up with Email
OR
Log In

You Might Also Like...

Show Comments

Extras

Top Quizzes Today


Score Distribution

Your Account Isn't Verified!

In order to create a playlist on Sporcle, you need to verify the email address you used during registration. Go to your Sporcle Settings to finish the process.